Представление документа в формате RUSMARC

ПолеНазваниеЗначение
  Тип записи a
  Библиографический уровень m
001 Контрольный номер RU/CBS_UL/BASE/01bda9b6c83848e4a51ce7661c40a0fb
005 Дата корректировки 20260302112150.5
101 Язык документа __
a Язык текста rus
102 Страна публикации __
a Страна публикации RU
200 Заглавие и сведения об ответственности 0_
a Заглавие № 15 (27 февр.)
210 Выходные данные __
d Дата издания 2026
461 Уровень набора __
1 2001
a Ульяновская правда
v № 15 (27 февр.)
1 210
d 2026
801 Источник записи __
a Страна RU
b Организация МБУК ЦБС г. Ульяновска
g Правила каталогизации RCR
901 Тип документа __
w Контрольный № источника RU/CBS_UL/BASE/584026164
t Тип документа h
909 Создатель записи __
a Создатель записи mbo